| 000 | 00609nam a2200157 a 4500 | ||
|---|---|---|---|
| 001 | 000045043 | ||
| 005 | 20201002045828.0 | ||
| 008 | 150130s1979 dr 000 0 spa d | ||
| 040 |
_aDO-SdBNP _bspa _cBNPHU |
||
| 082 |
_axxxx _bxxxx |
||
| 110 | 1 |
_aRepública Dominicana. _b[Leyes, etc.] _911088 |
|
| 245 | 1 | 0 | _aDecreto Número 1805, que aprueba la tarifa de primas del seguro contra accidentes del trabajo. |
| 260 |
_aSanto Domingo : _bInstituto Dominicano de Seguros Sociales, _c1979. |
||
| 300 |
_a98 p. ; _c21 cm. |
||
| 710 | 2 | 2 |
_aInstituto Dominicano de Seguros Sociales, Dirección Accidentes del Trabajo _973039 |
| 999 |
_c44532 _d44532 |
||